[Event "Midland Ch Forrest Cup"]
[Site "Derby"]
[Date "1990.03.25"]
[Round "5"]
[White "Barnes, Michael H"]
[Black "Madden, Paul"]
[Result "1/2-1/2"]
[WhiteElo "2096"]
[BlackElo "2152"]
[PlyCount "82"]
[EventDate "1990.03.23"]
[EventType "swiss"]
[EventRounds "6"]
[EventCountry "ENG"]
[SourceTitle "BritBase"]
[Source "John Saunders"]
[SourceDate "2022.11.28"]
[SourceVersion "1"]
[SourceVersionDate "2022.08.23"]
[SourceQuality "1"]

1. e4 e6 2. d4 d5 3. Nc3 Bb4 4. e5 c5 5. Bd2 cxd4 6. Nb5 Bf8 7. Nf3 Nc6 8.
Nbxd4 Bd7 9. Bd3 Qb6 10. c3 Bc5 11. O-O Nxd4 12. cxd4 Bxd4 13. Nxd4 Qxd4 14.
Bc3 Qb6 15. Qg4 g6 16. Rac1 Bc6 17. b4 a6 18. Qh4 d4 19. Bd2 Qd8 20. Qf4 Qd5
21. f3 h6 22. Be4 Qd7 23. Bxc6 bxc6 24. Rc4 Rd8 25. Rfc1 g5 26. Qe4 Ne7 27. h4
Rg8 28. Qh7 Qd5 29. Rxc6 Qxe5 30. Re1 Qd5 31. Rxa6 gxh4 32. Ra5 Qd6 33. Qxh6
Qg3 34. Rg5 Rxg5 35. Qxg5 Qxg5 36. Bxg5 Ra8 37. Bxe7 Kxe7 38. Re4 d3 39. Rd4
Rxa2 40. Rxd3 Rb2 41. Rd4 h3 1/2-1/2

[Event "Midland Ch Forrest Cup"]
[Site "Derby"]
[Date "1990.03.25"]
[Round "5"]
[White "Birtwistle, Nigel"]
[Black "Naylor, John"]
[Result "1/2-1/2"]
[WhiteElo "2136"]
[BlackElo "1968"]
[PlyCount "71"]
[EventDate "1990.03.23"]
[EventType "swiss"]
[EventRounds "6"]
[EventCountry "ENG"]
[SourceTitle "BritBase"]
[Source "John Saunders"]
[SourceDate "2022.11.28"]
[SourceVersion "1"]
[SourceVersionDate "2022.08.23"]
[SourceQuality "1"]

1. e4 e6 2. d4 d5 3. Nc3 Nf6 4. Bg5 Be7 5. e5 Nfd7 6. h4 c5 7. f4 Nc6 8. Bxe7
Kxe7 9. Nf3 Qb6 10. Na4 Qa5+ 11. c3 cxd4 12. Nxd4 Nxd4 13. Qxd4 b6 14. Be2 Bb7
15. O-O Rac8 16. b3 b5 17. Nb2 Qxc3 18. Qxc3 Rxc3 19. Bxb5 Rhc8 20. Bd3 h6 21.
Rad1 f6 22. Rfe1 fxe5 23. fxe5 a5 24. Na4 R3c7 25. Bg6 Ba6 26. h5 Bb5 27. Nb2
Rc3 28. Kh2 Nb6 29. Rd2 Rf8 30. Nd1 Rc1 31. Re3 Nd7 32. Nf2 Rf1 33. Nh3 Rc1 34.
Nf2 Nc5 35. Rg3 Rf4 36. Nh3 1/2-1/2

[Event "Midland Ch Forrest Cup"]
[Site "Derby"]
[Date "1990.03.25"]
[Round "5"]
[White "Bryce, Andrew"]
[Black "Smith, Alan A"]
[Result "1-0"]
[WhiteElo "2176"]
[BlackElo "2248"]
[PlyCount "51"]
[EventDate "1990.03.23"]
[EventType "swiss"]
[EventRounds "6"]
[EventCountry "ENG"]
[SourceTitle "BritBase"]
[Source "John Saunders"]
[SourceDate "2022.11.28"]
[SourceVersion "1"]
[SourceVersionDate "2022.08.23"]
[SourceQuality "1"]

1. d4 Nf6 2. Bg5 Ne4 3. h4 c5 4. Nc3 Nxg5 5. hxg5 cxd4 6. Qxd4 Nc6 7. Qd2 g6 8.
e4 Bg7 9. Bd3 d6 10. Nge2 Bd7 11. f4 h5 12. f5 Be5 13. Nf4 Qb6 14. O-O-O Rg8
15. Bc4 gxf5 16. g6 Rxg6 17. Nxg6 fxg6 18. Qg5 O-O-O 19. Qxg6 Bf4+ 20. Kb1 Ne5
21. Nd5 $2 Nxg6 22. Nxb6+ axb6 23. exf5 Bxf5 24. Rdf1 h4 25. Rxh4 Bg5 $4 (25...
Nxh4 26. Rxf4 Rh8 $19) 26. Rh5 1-0

[Event "Midland Ch Forrest Cup"]
[Site "Derby"]
[Date "1990.03.25"]
[Round "5"]
[White "Hutchinson, Paul A"]
[Black "Ledger, Dave J"]
[Result "1-0"]
[WhiteElo "2200"]
[BlackElo "2064"]
[PlyCount "49"]
[EventDate "1990.03.23"]
[EventType "swiss"]
[EventRounds "6"]
[EventCountry "ENG"]
[SourceTitle "BritBase"]
[Source "John Saunders"]
[SourceDate "2022.11.28"]
[SourceVersion "1"]
[SourceVersionDate "2022.08.23"]
[SourceQuality "1"]

1. Nf3 Nf6 2. g3 g6 3. Bg2 Bg7 4. b3 d6 5. d4 O-O 6. Bb2 Nbd7 7. c4 e5 8. dxe5
Ng4 $2 (8... dxe5 $11) 9. O-O Ngxe5 10. Nxe5 Nxe5 11. Qd2 Be6 12. f4 $16 Nc6
13. Bxg7 Kxg7 14. Nc3 f5 15. e4 Qf6 16. Rad1 Rae8 17. Rfe1 fxe4 18. Nxe4 $18
Qf5 19. Qc3+ Kh6 20. h3 Bc8 21. g4 Qxf4 22. g5+ Kh5 23. Qg7 Bxh3 24. Qh6+ Kg4
25. Qxh3# 1-0

[Event "Midland Ch Forrest Cup"]
[Site "Derby"]
[Date "1990.03.25"]
[Round "5"]
[White "Jackson, Oliver A"]
[Black "Eames, Robert S"]
[Result "1-0"]
[WhiteElo "2136"]
[BlackElo "2136"]
[PlyCount "73"]
[EventDate "1990.03.23"]
[EventType "swiss"]
[EventRounds "6"]
[EventCountry "ENG"]
[SourceTitle "BritBase"]
[Source "John Saunders"]
[SourceDate "2022.11.28"]
[SourceVersion "1"]
[SourceVersionDate "2022.08.23"]
[SourceQuality "1"]

1. e4 c5 2. Nc3 Nc6 3. f4 g6 4. Nf3 Bg7 5. Bb5 Nd4 6. a4 a6 7. Bc4 e6 8. e5 d5
9. exd6 Qxd6 10. d3 Ne7 11. Ne4 Qc7 12. c3 Nxf3+ 13. Qxf3 O-O 14. O-O Bd7 15.
Be3 b6 16. a5 b5 17. Ba2 c4 18. Bb6 Qc6 19. dxc4 bxc4 20. Nd2 Qb5 21. Nxc4 Bc6
22. Qf2 Nf5 23. Bc5 Rfd8 24. Nb6 Bxg2 25. Kxg2 Qc6+ 26. Kg1 Rd3 27. Nxa8 Rh3
28. b4 Nh4 29. Qd2 Qxa8 30. Rad1 Bf6 31. Bd5 exd5 32. Qxd5 Qc8 33. Qd7 Qxd7 34.
Rxd7 Rxc3 35. Ra7 h5 36. Rxa6 Nf5 37. Rxf6 1-0

[Event "Midland Ch Forrest Cup"]
[Site "Derby"]
[Date "1990.03.25"]
[Round "5"]
[White "Lawton, Geoffrey W"]
[Black "Hebden, Mark L"]
[Result "0-1"]
[WhiteElo "2440"]
[BlackElo "2472"]
[PlyCount "50"]
[EventDate "1990.03.23"]
[EventType "swiss"]
[EventRounds "6"]
[EventCountry "ENG"]
[SourceTitle "BritBase"]
[Source "John Saunders"]
[SourceDate "2022.11.28"]
[SourceVersion "1"]
[SourceVersionDate "2022.08.23"]
[SourceQuality "1"]

1. c4 g6 2. Nc3 Bg7 3. g3 Nf6 4. Bg2 O-O 5. d3 e6 6. Bg5 h6 7. Bf4 d6 8. Bd2
Nc6 9. Rb1 a5 10. a3 d5 11. cxd5 exd5 12. Nf3 Re8 13. O-O d4 14. Nb5 a4 15. Rc1
Nd5 16. Re1 Nb6 17. Rc5 Be6 18. Qc1 Kh7 19. Bf4 Re7 20. h4 Ra6 21. h5 Nd5 22.
hxg6+ fxg6 23. Bd2 Rd7 24. Kh2 Kg8 25. Bxh6 $4 Bxh6 (25... Bxh6 26. Qxh6 Rh7
$19) 0-1

[Event "Midland Ch Forrest Cup"]
[Site "Derby"]
[Date "1990.03.25"]
[Round "5"]
[White "Smith, Graham M"]
[Black "Cooper, David M"]
[Result "1-0"]
[WhiteElo "1968"]
[BlackElo "1976"]
[PlyCount "87"]
[EventDate "1990.03.23"]
[EventType "swiss"]
[EventRounds "6"]
[EventCountry "ENG"]
[SourceTitle "BritBase"]
[Source "John Saunders"]
[SourceDate "2022.11.28"]
[SourceVersion "1"]
[SourceVersionDate "2022.08.23"]
[SourceQuality "1"]

1. e4 e6 2. d4 d5 3. Nc3 Nf6 4. e5 Nfd7 5. f4 c5 6. Nf3 Nc6 7. Be3 cxd4 8. Nxd4
Bc5 9. Qd2 Nxd4 10. Bxd4 Bxd4 11. Qxd4 Qb6 12. Nb5 Qxd4 13. Nxd4 Nb6 14. O-O-O
Bd7 15. Bd3 O-O-O 16. Rde1 Kb8 17. Rhf1 g6 18. h3 Rde8 19. b3 Re7 20. Kd2 a6
21. a4 Nc8 22. g3 Na7 23. Ra1 Nc6 24. Nf3 Rc8 25. g4 Nb4 26. Nd4 Nc6 27. c3
Nxd4 28. cxd4 a5 29. Rac1 Bc6 30. h4 Bd7 31. Rxc8+ Kxc8 32. f5 gxf5 33. gxf5
Re8 34. fxe6 Bxe6 35. Rg1 h6 36. Rg7 Rh8 37. Ke3 Kd8 38. Kf4 Ke7 39. Bf5 Rc8
40. Bxe6 Kxe6 41. Rh7 Rc1 42. Rxh6+ Ke7 43. Rb6 Rc7 44. Kf5 1-0

[Event "Midland Ch Forrest Cup"]
[Site "Derby"]
[Date "1990.03.25"]
[Round "5"]
[White "Tait, Jonathan A"]
[Black "Greenwood, Mark N"]
[Result "1-0"]
[WhiteElo "2056"]
[BlackElo "1616"]
[PlyCount "57"]
[EventDate "1990.03.23"]
[EventType "swiss"]
[EventRounds "6"]
[EventCountry "ENG"]
[SourceTitle "BritBase"]
[Source "John Saunders"]
[SourceDate "2022.11.28"]
[SourceVersion "1"]
[SourceVersionDate "2022.08.23"]
[SourceQuality "1"]

1. e4 c5 2. Nf3 d6 3. d4 cxd4 4. Nxd4 Nf6 5. Nc3 a6 6. Bg5 e6 7. f4 Qc7 8. Qf3
Nbd7 9. O-O-O b5 10. a3 Bb7 11. Bd3 Be7 12. Rhe1 h6 13. Bxf6 Bxf6 14. Bxb5 axb5
15. Ndxb5 Qc6 16. Rxd6 Qc5 17. b4 Qc4 18. Rxd7 Kxd7 19. Qd1+ Bd5 20. exd5 Qxf4+
21. Kb1 e5 22. Re4 Qf5 23. g4 Qf2 24. d6 Qg2 25. Qd5 Qf1+ 26. Kb2 Bg5 27. Qb7+
Ke6 28. Rxe5+ Kxe5 29. Qe4+ 1-0

[Event "Midland Ch Forrest Cup"]
[Site "Derby"]
[Date "1990.03.25"]
[Round "6"]
[White "Armstrong, William G"]
[Black "Tait, Jonathan A"]
[Result "0-1"]
[WhiteElo "1888"]
[BlackElo "2056"]
[PlyCount "48"]
[EventDate "1990.03.23"]
[EventType "swiss"]
[EventRounds "6"]
[EventCountry "ENG"]
[SourceTitle "BritBase"]
[Source "John Saunders"]
[SourceDate "2022.11.28"]
[SourceVersion "1"]
[SourceVersionDate "2022.08.23"]
[SourceQuality "1"]

1. d4 d5 2. Nc3 f5 3. Nf3 c6 4. Bf4 Nf6 5. e3 g6 6. Be2 Bg7 7. O-O O-O 8. Na4
Nbd7 9. c4 e6 10. Ng5 Re8 11. h4 $2 h6 12. Nf3 dxc4 13. Bxc4 $4 b5 $19 14.
Bxe6+ Rxe6 15. Qb3 Nd5 16. Nc3 N7b6 17. Bg3 Nxc3 18. bxc3 Qd5 19. Qc2 Nc4 20.
a4 Bb7 21. Rfb1 a6 22. Ne1 g5 23. hxg5 hxg5 24. Qe2 f4 0-1

[Event "Midland Ch Forrest Cup"]
[Site "Derby"]
[Date "1990.03.25"]
[Round "6"]
[White "Burke, Steven J"]
[Black "Barnes, Michael H"]
[Result "0-1"]
[WhiteElo "1856"]
[BlackElo "2096"]
[PlyCount "102"]
[EventDate "1990.03.23"]
[EventType "swiss"]
[EventRounds "6"]
[EventCountry "ENG"]
[SourceTitle "BritBase"]
[Source "John Saunders"]
[SourceDate "2022.11.28"]
[SourceVersion "1"]
[SourceVersionDate "2022.08.23"]
[SourceQuality "1"]

1. d4 Nf6 2. c4 g6 3. Nc3 Bg7 4. e4 d6 5. f3 c6 6. Bg5 a6 7. Qd2 O-O 8. Nge2
Nbd7 9. g4 c5 10. dxc5 Ne5 11. Ng1 dxc5 12. Qxd8 Rxd8 13. Nd5 Nxd5 14. cxd5 f6
15. Be3 b6 16. O-O-O e6 17. h3 exd5 18. f4 Nf7 19. exd5 f5 20. g5 Bb7 21. Rh2
Bxd5 22. Rhd2 Bxa2 23. Rxd8+ Rxd8 24. Rxd8+ Nxd8 25. Bxa6 Nc6 26. Ne2 Nb4 27.
Bb5 Bd5 28. Bd2 Nc6 29. Nc3 Bxc3 30. Bxc3 Na7 31. Ba6 Kf7 32. Be5 Nc6 33. Bc7
Nd4 34. Bxb6 Ne6 35. h4 Ke7 36. Bc8 Nxf4 37. Bxc5+ Kd8 38. Ba6 Kc7 39. Kd2 Kc6
40. Be3 Ne6 41. b4 f4 42. Bf2 Kd6 43. Bc8 Nc7 44. Bg4 Ke5 45. Be2 Bc6 46. Bc4
Bd5 47. Bd3 Bc6 48. h5 Be4 49. b5 $4 Bxd3 50. b6 (50. Kxd3 Nxb5 $19) 50... Ba6
51. hxg6 hxg6 (51... hxg6 52. bxc7 Kf5 53. Kc3 Kxg5 $19) 0-1

[Event "Midland Ch Forrest Cup"]
[Site "Derby"]
[Date "1990.03.25"]
[Round "6"]
[White "Calderwood, Stephen I"]
[Black "Stimpson, Paul"]
[Result "1/2-1/2"]
[WhiteElo "1912"]
[BlackElo "1752"]
[PlyCount "51"]
[EventDate "1990.03.23"]
[EventType "swiss"]
[EventRounds "6"]
[EventCountry "ENG"]
[SourceTitle "BritBase"]
[Source "John Saunders"]
[SourceDate "2022.11.28"]
[SourceVersion "1"]
[SourceVersionDate "2022.08.23"]
[SourceQuality "1"]

1. d4 d5 2. Nf3 Nf6 3. c4 e6 4. Nc3 Be7 5. Bg5 Nbd7 6. e3 O-O 7. Qc2 Re8 8. Rd1
c6 9. Be2 dxc4 10. Bxc4 Nd5 11. Bxe7 Qxe7 12. O-O N5b6 13. Bd3 Nf8 14. a3 Nbd7
15. b4 e5 16. h3 exd4 17. exd4 Nf6 18. Ne5 Be6 19. Rfe1 Qc7 20. Qd2 Nd5 21. Ne2
f6 22. Nf3 Bf7 23. Rc1 a6 24. Bc4 Rad8 25. Qa2 Nb6 26. Bxf7+ 1/2-1/2

[Event "Midland Ch Forrest Cup"]
[Site "Derby"]
[Date "1990.03.25"]
[Round "6"]
[White "Eames, Robert S"]
[Black "Cristinacce, David"]
[Result "0-1"]
[WhiteElo "2136"]
[BlackElo "1808"]
[PlyCount "64"]
[EventDate "1990.03.23"]
[EventType "swiss"]
[EventRounds "6"]
[EventCountry "ENG"]
[SourceTitle "BritBase"]
[Source "John Saunders"]
[SourceDate "2022.11.28"]
[SourceVersion "1"]
[SourceVersionDate "2022.08.23"]
[SourceQuality "1"]

1. e4 e5 2. Nf3 Nc6 3. Bb5 a6 4. Ba4 Nf6 5. O-O Be7 6. Bxc6 dxc6 7. Qe1 Bd6 8.
d4 Qe7 9. dxe5 Bxe5 10. Nxe5 Qxe5 11. Nc3 O-O 12. f4 Qh5 13. e5 Nd5 14. Ne4 Qg6
15. Rf3 Bf5 16. Rg3 Qe6 17. c4 Ne7 18. b3 b6 19. Bb2 h6 20. Re3 Rad8 21. h3 c5
22. g4 Bxe4 23. Rxe4 g6 24. Qh4 Kh7 25. Re2 Rd3 26. Rf1 Rfd8 27. f5 $6 gxf5 28.
gxf5 $4 (28. Bc1 $11) 28... Nxf5 29. Qe4 Qg6+ 30. Rg2 Rg3 31. Rff2 Rd1+ 32. Kh2
Rxh3+ $1 0-1

[Event "Midland Ch Forrest Cup"]
[Site "Derby"]
[Date "1990.03.25"]
[Round "6"]
[White "Gibbons, Michael J"]
[Black "Edwards, Louis Alan"]
[Result "0-1"]
[WhiteElo "1728"]
[BlackElo "2184"]
[PlyCount "68"]
[EventDate "1990.03.23"]
[EventType "swiss"]
[EventRounds "6"]
[EventCountry "ENG"]
[SourceTitle "BritBase"]
[Source "John Saunders"]
[SourceDate "2022.11.28"]
[SourceVersion "1"]
[SourceVersionDate "2022.08.23"]
[SourceQuality "1"]

1. e4 e6 2. d4 d5 3. Nc3 Bb4 4. e5 c5 5. a3 Bxc3+ 6. bxc3 Ne7 7. Qg4 Kf8 8. Nf3
Qa5 9. Bd2 Qa4 10. Kd1 Nbc6 11. Bd3 cxd4 12. cxd4 h6 13. Qf4 b6 14. g4 Ba6 15.
Bxa6 Qxa6 16. Rg1 Qa4 17. h4 Ke8 18. h5 Rc8 19. g5 hxg5 20. Rxg5 Nf5 21. Rxf5
exf5 22. Qxf5 Ne7 23. Qg4 Qxc2+ 24. Ke2 Qe4+ 25. Qxe4 dxe4 26. Ng5 Rxh5 27.
Nxe4 Nf5 28. Be3 Kd7 29. Kd3 Nxe3 30. fxe3 Rc6 31. Rf1 Ke8 32. d5 Rg6 33. Kd4
Rg4 34. Rf4 Rhh4 0-1

[Event "Midland Ch Forrest Cup"]
[Site "Derby"]
[Date "1990.03.25"]
[Round "6"]
[White "Gilmore, Simon N"]
[Black "Rockett, G Keith"]
[Result "1-0"]
[WhiteElo "1944"]
[BlackElo "1792"]
[PlyCount "20"]
[EventDate "1990.03.23"]
[EventType "swiss"]
[EventRounds "6"]
[EventCountry "ENG"]
[SourceTitle "BritBase"]
[Source "John Saunders"]
[SourceDate "2022.11.28"]
[SourceVersion "1"]
[SourceVersionDate "2022.08.23"]
[SourceQuality "1"]

1. e4 c5 2. c4 e6 3. Nf3 b6 4. d4 cxd4 5. Nxd4 Bb7 6. Nc3 Bb4 7. Bd2 Bxc3 8.
Bxc3 Bxe4 9. Nb5 Kf8 10. Qd6+ Ne7 1-0

[Event "Midland Ch Forrest Cup"]
[Site "Derby"]
[Date "1990.03.25"]
[Round "6"]
[White "Hebden, Mark L"]
[Black "Hutchinson, Paul A"]
[Result "1-0"]
[WhiteElo "2472"]
[BlackElo "2200"]
[PlyCount "71"]
[EventDate "1990.03.23"]
[EventType "swiss"]
[EventRounds "6"]
[EventCountry "ENG"]
[SourceTitle "BritBase"]
[Source "John Saunders"]
[SourceDate "2022.11.28"]
[SourceVersion "1"]
[SourceVersionDate "2022.08.23"]
[SourceQuality "1"]

1. d4 d5 2. c4 e6 3. Nf3 Nf6 4. Bg5 Be7 5. e3 c6 6. Nbd2 Nbd7 7. Bd3 h6 8. Bh4
O-O 9. O-O Re8 10. Rc1 Nh7 11. Bg3 f5 $2 12. cxd5 $18 exd5 (12... cxd5 13. Bc7
$18) 13. Bxf5 Ndf6 14. Bg6 Rf8 15. Ne5 Bd6 16. Qc2 Ng5 17. f3 Qe7 18. Rce1 Ne6
19. f4 Bd7 20. Ndf3 Be8 21. Bd3 Nh5 22. Bf2 g5 23. f5 g4 24. Nxg4 Ng5 25. Nfe5
Qg7 26. Kh1 Nf6 27. Nxf6+ Rxf6 28. Bg3 h5 29. Qf2 Nf7 30. e4 dxe4 31. Rxe4 Nh6
32. Re3 c5 33. Bh4 cxd4 34. Rg3 Ng4 35. Bxf6 Bxe5 36. Rxg4 1-0

[Event "Midland Ch Forrest Cup"]
[Site "Derby"]
[Date "1990.03.25"]
[Round "6"]
[White "Jackson, Oliver A"]
[Black "Bryce, Andrew"]
[Result "1/2-1/2"]
[WhiteElo "2136"]
[BlackElo "2176"]
[PlyCount "41"]
[EventDate "1990.03.23"]
[EventType "swiss"]
[EventRounds "6"]
[EventCountry "ENG"]
[SourceTitle "BritBase"]
[Source "John Saunders"]
[SourceDate "2022.11.28"]
[SourceVersion "1"]
[SourceVersionDate "2022.08.23"]
[SourceQuality "1"]

{Faulty score:} 1. e4 c6 2. d4 d5 3. Nc3 dxe4 4. Nxe4 Nf6 5. Nxf6+ exf6 6. Be3
Bd6 7. Bd3 O-O 8. Qh5 g6 9. Qh6 Re8 10. Ne2 Qc7 11. O-O-O Nd7 12. Rhe1 Nf8 13.
Qh4 f5 14. Bg5 Ne6 15. Ng3 Bd7 16. Bf6 Nf4 17. Re5 (17. Be5 {maybe, but then}
Rxe5 (17... Bxe5 18. dxe5 {and Black has} Nxg2) 18. dxe5 Bxe5 19. Bc4 Be6 20.
Bxe6 fxe6 {and now what?}) 17... Rxe5 18. dxe5 Bxe5 19. Bc4 Be6 20. Bxe6 {
('bxe6')} fxe6 21. Qg5 {and the rest of the score makes no sense: 21...Rd8 22
Rxd8 Rxd8 draw agreed} 1/2-1/2

[Event "Midland Ch Forrest Cup"]
[Site "Derby"]
[Date "1990.03.25"]
[Round "6"]
[White "Joseph, Stephen Mario"]
[Black "Thomas, Robert K"]
[Result "0-1"]
[WhiteElo "1872"]
[BlackElo "2016"]
[PlyCount "56"]
[EventDate "1990.03.23"]
[EventType "swiss"]
[EventRounds "6"]
[EventCountry "ENG"]
[SourceTitle "BritBase"]
[Source "John Saunders"]
[SourceDate "2022.11.28"]
[SourceVersion "1"]
[SourceVersionDate "2022.08.23"]
[SourceQuality "1"]

1. c4 d6 2. b3 e5 3. Bb2 c5 4. g3 Nc6 5. Bg2 g6 6. e3 Bg7 7. Ne2 Nge7 8. O-O
O-O 9. d3 Be6 10. Nbc3 Qd7 11. Nd5 Rae8 12. a3 f5 13. Qd2 g5 14. b4 f4 15. exf4
gxf4 16. gxf4 Bh3 17. Ng3 Ng6 18. b5 Bxg2 19. Kxg2 Nh4+ 20. Kh1 Qh3 21. f3 exf4
22. Nxf4 Rxf4 23. Bxg7 Nd4 24. Bxd4 cxd4 25. Rg1 (25. Nh5 $14) 25... Rxf3 26.
Nh5+ $4 (26. Qh6 $1 $18) (26. Ne4+ $18) 26... Kh8 $1 $19 27. Qh6 Qxh2+ $1 28.
Kxh2 Re2+ 0-1

[Event "Midland Ch Forrest Cup"]
[Site "Derby"]
[Date "1990.03.25"]
[Round "6"]
[White "Madden, Paul"]
[Black "Birtwistle, Nigel"]
[Result "1-0"]
[WhiteElo "2152"]
[BlackElo "2136"]
[PlyCount "79"]
[EventDate "1990.03.23"]
[EventType "swiss"]
[EventRounds "6"]
[EventCountry "ENG"]
[SourceTitle "BritBase"]
[Source "John Saunders"]
[SourceDate "2022.11.28"]
[SourceVersion "1"]
[SourceVersionDate "2022.08.23"]
[SourceQuality "1"]

1. e4 e5 2. Nf3 Nc6 3. Bc4 Nf6 4. d3 Bc5 5. O-O d6 6. h3 h6 7. c3 Be6 8. Re1
Qe7 9. a4 a6 10. b4 Bb6 11. Nbd2 g5 12. Bxe6 fxe6 13. Nc4 Ba7 14. b5 axb5 15.
axb5 Bxf2+ 16. Kxf2 Rxa1 17. bxc6 bxc6 18. Qb3 O-O 19. Bxg5 Rxe1 20. Bxf6 Qxf6
21. Kxe1 Qf4 22. Qc2 Ra8 23. Kf2 c5 24. Ne3 h5 25. Qb3 Qf7 26. h4 c6 27. Nc4
Qe7 28. Qb2 Rf8 29. Kg1 Kg7 30. Qf2 Rf4 31. Ne3 Kf8 32. Qg3 Qg7 33. Qxg7+ Kxg7
34. Ng5 Rf6 35. Nc4 d5 36. Nxe5 c4 37. d4 c5 38. dxc5 dxe4 39. Nxe4 Rf8 40. Nd6
1-0

[Event "Midland Ch Forrest Cup"]
[Site "Derby"]
[Date "1990.03.25"]
[Round "6"]
[White "Naylor, John"]
[Black "Smith, Graham M"]
[Result "1/2-1/2"]
[WhiteElo "1968"]
[BlackElo "1968"]
[PlyCount "27"]
[EventDate "1990.03.23"]
[EventType "swiss"]
[EventRounds "6"]
[EventCountry "ENG"]
[SourceTitle "BritBase"]
[Source "John Saunders"]
[SourceDate "2022.11.28"]
[SourceVersion "1"]
[SourceVersionDate "2022.08.23"]
[SourceQuality "1"]

1. e4 Nf6 2. Nc3 e5 3. Nf3 Nc6 4. d4 Bb4 5. Bg5 h6 6. Bxf6 Qxf6 7. dxe5 Nxe5 8.
Nd4 Bxc3+ 9. bxc3 O-O 10. Bd3 a6 11. O-O c5 12. Nf5 d5 13. Ne3 dxe4 14. Bxe4
1/2-1/2

[Event "Midland Ch Forrest Cup"]
[Site "Derby"]
[Date "1990.03.25"]
[Round "6"]
[White "Robinson, John K"]
[Black "Lambert, Michael"]
[Result "1-0"]
[WhiteElo "1928"]
[BlackElo "2000"]
[PlyCount "89"]
[EventDate "1990.03.23"]
[EventType "swiss"]
[EventRounds "6"]
[EventCountry "ENG"]
[SourceTitle "BritBase"]
[Source "John Saunders"]
[SourceDate "2022.11.28"]
[SourceVersion "1"]
[SourceVersionDate "2022.08.23"]
[SourceQuality "1"]

1. d4 Nf6 2. c4 e6 3. Nc3 Bb4 4. Qc2 c5 5. Nf3 Nc6 6. e3 d5 7. a3 Bxc3+ 8. bxc3
O-O 9. Bd3 b6 10. cxd5 exd5 11. O-O Re8 12. dxc5 bxc5 13. c4 Ne5 14. Nxe5 Rxe5
15. Bb2 Rh5 16. Be2 Rg5 17. f4 Rg6 18. Bxf6 Qxf6 19. Bf3 Bf5 20. Qf2 Bd3 21.
cxd5 Bxf1 22. Rxf1 Rc8 23. g3 Qe7 24. e4 Ra6 25. e5 Rxa3 26. Bg4 Rb8 27. d6 Qb7
28. Qxc5 Ra2 29. Bf3 Qb2 30. Rf2 Qb1+ 31. Kg2 Rxf2+ 32. Kxf2 Qb6 33. Qxb6 Rxb6
34. d7 Rb8 35. f5 Kf8 36. f6 Rd8 37. Bc6 gxf6 38. exf6 Kg8 39. Ke3 h5 40. Kd4
Kh7 41. Ke5 h4 42. Kd6 Kg6 43. Ke7 Rh8 44. Bd5 hxg3 45. hxg3 1-0

[Event "Midland Ch Forrest Cup"]
[Site "Derby"]
[Date "1990.03.25"]
[Round "6"]
[White "Smith, Alan A"]
[Black "Lawton, Geoffrey W"]
[Result "0-1"]
[WhiteElo "2248"]
[BlackElo "2440"]
[PlyCount "72"]
[EventDate "1990.03.23"]
[EventType "swiss"]
[EventRounds "6"]
[EventCountry "ENG"]
[SourceTitle "BritBase"]
[Source "John Saunders"]
[SourceDate "2022.11.28"]
[SourceVersion "1"]
[SourceVersionDate "2022.08.23"]
[SourceQuality "1"]

1. c4 g6 2. d4 Nf6 3. Nc3 Bg7 4. e4 d6 5. Nf3 O-O 6. Be2 Nbd7 7. O-O e5 8. Be3
Ng4 9. Bg5 f6 10. Bh4 Nh6 11. Qd2 Nf7 12. Rad1 c6 13. Rfe1 b6 14. b4 g5 15. Bg3
g4 16. Nh4 exd4 17. Nb1 Nde5 18. Nf5 c5 19. Nxg7 Kxg7 20. f4 gxf3 21. Bxf3 Ng5
22. Rf1 Ngxf3+ 23. gxf3 Bh3 24. Rf2 Nxc4 25. Qf4 a5 26. Bh4 Ne3 27. Re1 Kh8 28.
Kh1 Ra7 29. Rxe3 dxe3 30. Qxe3 axb4 31. f4 Qe7 32. Qxh3 Qxe4+ 33. Rg2 Qxb1+ 34.
Rg1 Qe4+ 35. Rg2 Rg7 36. Bxf6 Qe1+ 0-1